15 najmniejszych państw na Świecie - nagła śmierć - Statystyki

Ogólne statystyki
  • Ten quiz został rozwiązany 145 razy
  • Średni wynik to 3 z 15
Answers on the Grid
Answers color-coded by a green-red scale on the quiz's grid according to % correct below.
Andora
Antigua i Barbuda
Bahrajn
Barbados
Fidżi
Grenada
Liechtenstein
Luksemburg
Malediwy
Malta
Mikronezja
Monako
Nauru
Palau
Saint Kitts i Nevis
Saint Lucia
Saint Vincent i Grenadyny
San Marino
Seszele
Singapur
Tonga
Tuvalu
Watykan
Wyspy Marshalla
 
Statystyki odpowiedzi
Odpowiedź % Poprawnych
Watykan
78%
Monako
48%
San Marino
43%
Tuvalu
32%
Liechtenstein
29%
Nauru
29%
Malta
21%
Antigua i Barbuda
11%
Saint Vincent i Grenadyny
10%
Wyspy Marshalla
10%
Malediwy
8%
Saint Kitts i Nevis
8%
Barbados
5%
Grenada
3%
Seszele
2%
Nie znaleziono quizów pasujących do podanych kryteriów
Rozkład punktacji
Procent ludzi z każdym wynikiem
Percentyl według liczby udzielonych odpowiedzi
Twoja historia wyników
Nie rozwiązałeś tego quizu